01413nam a2200385 i 450000100060000000300080000600500170001400600190003100700150005000800410006503500230010603500240012903500250015303500210017804000310019905000250023008000110025508200150026610000390028124500960032026401200041630000410053633600310057733700330060833800430064150400290068458801270071365000230084065000240086365000250088765100120091265100140092465500270093885600620096569219FlNmELB20241217142949.0m o d | cr cnu||||||||151203s2008 mx ob 000 0 spa d a(MiAaPQ)EBC4184586 a(Au-PeEL)EBL4184586 a(CaPaEBR)ebr11126823 a(OCoLC)949159533 aFINmELBbspaerdacFINmELB 4aPN4193.P6bG569 2008 a808:320 a808.512231 aGómez Bocanegra, Jorge Martín.10aFundamentos para el análisis del discurso político /cJorge Martín Gómez Bocanegra. 1aGuadalajara, Jalisco :bUniversidad de Guadalajara, Centro Universitario de Ciencias Sociales y Humanidades,c2008. a1 recurso en línea (364 páginas) atextobtxt2rdacontent/spa acomputadorabc2rdamedia/spa arecurso en líneabcr2rdacarrier/spa aContiene bibliografía. aDescripción basada en recurso en línea; Título de la página del título en PDF (e-libro, visto December 3, 2015). 0aPolitical oratory. 0aDiscourse analysis. 4aOratoria política. 0aMexico. 4aMéxico. 4aLibros electrónicos.40uhttps://elibro.net/ereader/politecnicointernacional/39816